Associe les paroles à la chanson de Héléna - Statistiques

Statistiques générales
  • Ce quiz a été pris 970 fois
  • Le résultat moyen est 13 sur 15
Statistiques - réponses
Hint Réponse % Correct
L'été arrive, soleil à la fenêtre Summer Body
98%
Non, je ne suis pas triste, mamie. Non, tu ne me manques pas.
Car j'entends partout ton rire dans mes souvenirs de toi
Bonne Maman
96%
Et puis tirer un trait sur le passé douloureux, sur les larmes dans mes yеux
Être aimée comme jе suis et puis changer de vie
Aimée pour de vrai
95%
T'es sexy quand t'es mimi, quand t'es tout doux Gentil Garçon
95%
Va pas ____ ______, tout casser. La vie, c'est d'la magie mais tout peut s'effacer Tout gâcher
94%
J'dors plus la nuit, ça me fait tourner la tête, __________, mon amie, et y'a maman qui s'inquiète Mélatonine
93%
Je voulais pas te dire que c'est pas de ton fait, que c'est pas de ta faute.
Je voulais pas partir, partir dans une lettre
Adieu mon amour
92%
J'ai retrouvé l'amour de moi, qui m'attendait loin de ses bras Mauvais Garçon
91%
Appelle-moi quand tu pourras, mon numéro n'a pas changé. On ira au café d'en bas, on s'racontera nos soirées. Tout a changé (Rien n’a changé)
89%
Pas b'soin de drogues pour planer. Parfois, je rêve que j'ai rêvé Pieds sur terre
88%
Pose ta main sur moi, laisse-moi pleurer dans tes bras et pose ta main juste là Boule au ventre
86%
Comment tu fais ? Ça a l'air facile quand tu dis à mon orеille Je t'aime (bien)
83%
T'es venu pour mon anniversaire, c'était la meilleure idée d'la terre Mon piano et moi
82%
Dans les soleils et les lunes, dans les déserts et les dunes, le destin se joue de nous Karma
81%
Tu peux sur mon épaule poser ta tête, là dans le creux
Nouveau cœur
72%
Aucun quiz correspondant
Distribution des résultats
% des personnes avec chaque résultat
Percentile par nombre de réponses
Votre historique - résultats
Vous n’avez pas pris ce quiz